[Event "Ruhrgebiet Verbandsliga Gruppe 1 1617"]
[Site "Germany"]
[Date "2017.04.30"]
[Round "9.1"]
[White "Schreck, Roland"]
[Black "Nissen, Claus"]
[Result "0-1"]
[WhiteElo "2112"]
[BlackElo "2105"]
[PlyCount "136"]
[EventDate "2016.09.04"]
[EventType "team-tourn"]
[EventRounds "9"]
[EventCountry "GER"]
[SourceTitle "EXT 2022"]
[Source "ChessBase"]
[SourceDate "2021.10.06"]
[SourceVersion "1"]
[SourceVersionDate "2021.10.06"]
[SourceQuality "1"]
[WhiteTeam "Bochum-Linden"]
[BlackTeam "Oberhausen SV II"]
[WhiteTeamCountry "GER"]
[BlackTeamCountry "GER"]

1. d4 d5 2. g3 c6 3. Bg2 Nf6 4. Nf3 g6 5. 0-0 Bg7 6. c4 0-0 7. Nc3 e6 8. Bf4 a6 9. c5 Nbd7 10. a4 Ne4 11. Nxe4 dxe4 12. Ng5 e5 13. dxe5 Nxc5 14. Rc1 Qxd1 15. Rfxd1 Nxa4 16. b3 Nb6 17. Nxe4 Nd7 18. e6 fxe6 19. Bh3 e5 20. Be6+ Kh8 21. Bxd7 exf4 22. Bxc8 Raxc8 23. Rd7 Bh6 24. Rcd1 Rce8 25. Nd6 Rxe2 26. Nf7+ Kg7 27. Ng5+ Kg8 28. Nxh7 Rf7 29. Rxf7 Kxf7 30. gxf4 Bxf4 31. h4 Re7 32. Rd3 a5 33. Kg2 Kg7 34. Ng5 Bxg5 35. hxg5 Kf7 36. Rd6 Re5 37. Rd7+ Ke6 38. Rxb7 Rxg5+ 39. Kf3 Rb5 40. Ra7 Rxb3+ 41. Kg4 Rb5 42. Ra6 Kd6 43. f4 Rd5 44. Ra8 Kc7 45. Rg8 a4 46. Rxg6 a3 47. Rh6 a2 48. Rh1 Ra5 49. Ra1 Kd7 50. Kf3 Ke6 51. Ke4 Kf6 52. Kd4 Kf5 53. Kc4 Kxf4 54. Kb4 Ra6 55. Kc4 Ke3 56. Kc3 Ke2 57. Kc2 Ke3 58. Kc3 Ke4 59. Kc4 Ke5 60. Re1+ Kd6 61. Ra1 Kc7 62. Kb3 Kb6 63. Kb4 c5+ 64. Kc4 Ra4+ 65. Kb3 Kb5 66. Kc3 Ra3+ 67. Kc2 Kb4 68. Kb2 Ra8 0-1

[Event "Ruhrgebiet Verbandsliga Gruppe 1 1617"]
[Site "Germany"]
[Date "2017.03.12"]
[Round "8.1"]
[White "Kleibaumhueter, Klaus"]
[Black "Schreck, Roland"]
[Result "1-0"]
[WhiteElo "2084"]
[BlackElo "2142"]
[PlyCount "97"]
[EventDate "2016.09.04"]
[EventType "team-tourn"]
[EventRounds "9"]
[EventCountry "GER"]
[SourceTitle "EXT 2022"]
[Source "ChessBase"]
[SourceDate "2021.10.06"]
[SourceVersion "1"]
[SourceVersionDate "2021.10.06"]
[SourceQuality "1"]
[WhiteTeam "Eving SV Rochade"]
[BlackTeam "Bochum-Linden"]
[WhiteTeamCountry "GER"]
[BlackTeamCountry "GER"]

1. Nf3 g6 2. g3 Bg7 3. Bg2 d6 4. 0-0 Nf6 5. c4 0-0 6. Nc3 Nc6 7. Rb1 a6 8. b4 Bf5 9. d3 Qc8 10. Re1 e5 11. Bg5 h6 12. Bxf6 Bxf6 13. Nd5 Bd8 14. Qd2 Kh7 15. b5 axb5 16. cxb5 Ne7 17. Nf6+ Kg7 18. Rb4 Kxf6 19. Qxh6 Rg8 20. Ng5 c5 21. Rb2 Ba5 22. Rc1 Rh8 23. Nh7+ Ke6 24. Qg7 Qg8 25. Qf6+ Kd7 26. Ng5 Be6 27. Bxb7 Rb8 28. Qf3 f5 29. Bc6+ Kc7 30. Rcb1 Bb6 31. a4 Bd5 32. Bxd5 Qxd5 33. e4 Qg8 34. Rc2 Ra8 35. Ra1 Qb3 36. Rc4 Qb2 37. Rcc1 Rxa4 38. Rab1 Qd2 39. h4 Ra2 40. d4 Qe2 41. Qg2 Rb2 42. exf5 Qxb5 43. Ne6+ Kb8 44. Ra1 Nc6 45. Qd5 Rd8 46. Nxd8 Bxd8 47. Qxd6+ Bc7 48. Qf8+ Nd8 49. fxg6 1-0

[Event "Ruhrgebiet Verbandsliga Gruppe 1 1617"]
[Site "Germany"]
[Date "2016.12.18"]
[Round "5.1"]
[White "Schreck, Roland"]
[Black "Rumpf, Thomas"]
[Result "1-0"]
[WhiteElo "2142"]
[BlackElo "2009"]
[PlyCount "137"]
[EventDate "2016.09.04"]
[EventType "team-tourn"]
[EventRounds "9"]
[EventCountry "GER"]
[SourceTitle "EXT 2022"]
[Source "ChessBase"]
[SourceDate "2021.10.06"]
[SourceVersion "1"]
[SourceVersionDate "2021.10.06"]
[SourceQuality "1"]
[WhiteTeam "Bochum-Linden"]
[BlackTeam "Kamen SV II"]
[WhiteTeamCountry "GER"]
[BlackTeamCountry "GER"]

1. Nf3 Nf6 2. e3 g6 3. c4 Bg7 4. Nc3 0-0 5. d4 d5 6. h3 a6 7. cxd5 Nxd5 8. Qb3 Nxc3 9. bxc3 b5 10. a4 Be6 11. Qc2 bxa4 12. Qxa4 c5 13. Bd2 cxd4 14. cxd4 Nd7 15. Be2 Nb6 16. Qb4 Rb8 17. Bxa6 Nc4 18. Qc5 Nxd2 19. Nxd2 Bd5 20. 0-0 e6 21. Qa5 Qh4 22. Bc4 Bc6 23. Rac1 Ba8 24. Be2 Rb2 25. Rb1 Rxb1 26. Rxb1 Qe7 27. Bf3 Bxf3 28. Nxf3 Bf6 29. Rc1 Qb7 30. Qc7 Qxc7 31. Rxc7 Ra8 32. g4 h6 33. Kg2 Bd8 34. Rd7 Bf6 35. Kg3 Kf8 36. h4 Ra5 37. Rb7 h5 38. g5 Bg7 39. Rb8+ Ke7 40. Rg8 Bf8 41. Ne5 Ra1 42. Nc6+ Ke8 43. Rh8 Rg1+ 44. Kh3 Rh1+ 45. Kg3 Rg1+ 46. Kh2 Rb1 47. Ne5 Rb7 48. Kg2 Rc7 49. Kf3 Ra7 50. Rh7 Ra5 51. Ke4 Bb4 52. Rh8+ Bf8 53. f3 Ra1 54. Rh7 Rh1 55. Nxf7 Rxh4+ 56. f4 Rh3 57. Ne5 Ba3 58. Rh8+ Ke7 59. Nxg6+ Kd6 60. Rc8 Kd7 61. Rc2 h4 62. Ne5+ Kd8 63. g6 Rg3 64. Nf7+ Ke7 65. Ng5 Kf6 66. g7 Kxg7 67. Nxe6+ Kf6 68. Ng5 h3 69. Rh2 1-0

[Event "Ruhrgebiet Regionalliga 1516"]
[Site "Germany"]
[Date "2015.11.15"]
[Round "3.1"]
[White "Schreck, Roland"]
[Black "Zatonskih, Anna"]
[Result "0-1"]
[WhiteElo "2150"]
[BlackElo "2478"]
[PlyCount "70"]
[EventDate "2015.09.13"]
[EventType "team-tourn"]
[EventRounds "9"]
[EventCountry "GER"]
[SourceTitle "EXT 2022"]
[Source "ChessBase"]
[SourceDate "2021.10.06"]
[SourceVersion "1"]
[SourceVersionDate "2021.10.06"]
[SourceQuality "1"]
[WhiteTeam "Bochum-Linden"]
[BlackTeam "Bochum SV"]
[WhiteTeamCountry "GER"]
[BlackTeamCountry "GER"]

1. Nf3 d5 2. g3 c5 3. Bg2 Nc6 4. d4 e6 5. 0-0 Qb6 6. dxc5 Bxc5 7. Nc3 Bb4 8. e4 d4 9. Na4 Qa5 10. c3 dxc3 11. bxc3 Be7 12. Bd2 Nf6 13. c4 Qa6 14. Nc3 Qxc4 15. Rc1 0-0 16. Re1 Ba3 17. Bf1 Qc5 18. Be3 Qa5 19. Rc2 Bb4 20. Bd2 Rd8 21. Nb5 e5 22. Qc1 a6 23. Bxb4 Nxb4 24. Rc5 axb5 25. Rxb5 Qa3 26. Qc7 Be6 27. Ng5 Rac8 28. Qxb7 Nc2 29. Nxe6 fxe6 30. Rb3 Qxa2 31. Rc1 Qa4 32. Rd3 Rf8 33. Bh3 Rb8 34. Qc7 Nd4 35. Qxe5 Ne2+ 0-1

[Event "Ruhrgebiet Verbandsliga Gruppe 1 1415"]
[Site "Germany"]
[Date "2015.03.01"]
[Round "7.1"]
[White "Aulich, Marcell"]
[Black "Schreck, Roland"]
[Result "1/2-1/2"]
[WhiteElo "2137"]
[BlackElo "2160"]
[PlyCount "32"]
[EventDate "2014.09.21"]
[EventType "team-tourn"]
[EventRounds "9"]
[EventCountry "GER"]
[SourceTitle "EXT 2022"]
[Source "ChessBase"]
[SourceDate "2021.10.06"]
[SourceVersion "1"]
[SourceVersionDate "2021.10.06"]
[SourceQuality "1"]
[WhiteTeam "Horst Emscher"]
[BlackTeam "Bochum-Linden"]
[WhiteTeamCountry "GER"]
[BlackTeamCountry "GER"]

1. e4 c5 2. Nf3 e6 3. g3 Nc6 4. Bg2 Be7 5. d4 cxd4 6. Nxd4 Qb6 7. Nb3 Nf6 8. 0-0 0-0 9. Nc3 a6 10. Bf4 d6 11. a4 Qc7 12. a5 Ne5 13. Nd2 Bd7 14. Qe2 Nc6 15. Nb3 Ne5 16. Nd2 Nc6 1/2-1/2

[Event "NRW Verbandsliga Group2 1314"]
[Site "Nordrheinwestfalen"]
[Date "2013.11.24"]
[Round "4"]
[White "Korber, Markus"]
[Black "Schreck, Roland"]
[Result "1/2-1/2"]
[WhiteElo "1925"]
[BlackElo "2215"]
[PlyCount "75"]
[EventDate "2013.09.08"]
[EventType "team-tourn"]
[EventRounds "9"]
[EventCountry "GER"]
[SourceTitle "EXT 2020"]
[Source "ChessBase"]
[SourceDate "2019.10.17"]
[SourceVersion "1"]
[SourceVersionDate "2019.10.17"]
[SourceQuality "1"]
[WhiteTeam "Rochade Steele/Kray"]
[BlackTeam "Bochum-Linden"]
[WhiteTeamCountry "GER"]
[BlackTeamCountry "GER"]

1. d4 c5 2. dxc5 Nf6 3. Nf3 Na6 4. Nbd2 Nxc5 5. b4 Ne6 6. e3 g6 7. Bb2 Bg7 8. Be2 0-0 9. 0-0 d6 10. c4 Bd7 11. Qb3 a5 12. a3 Bc6 13. Nd4 Nxd4 14. exd4 d5 15. c5 a4 16. Qc2 Qd7 17. Bf3 Ne8 18. Rfe1 Nc7 19. Nf1 f6 20. h3 Rae8 21. Bg4 f5 22. Bf3 e6 23. Qd2 Bf6 24. Rad1 Qg7 25. Ng3 Kh8 26. Kh2 Re7 27. Ba1 Rfe8 28. Bb2 Rg8 29. Ba1 Be8 30. Rh1 h5 31. Ne2 g5 32. g4 h4 33. Rhe1 Bc6 34. Nc1 Rge8 35. Kg2 Kg8 36. Nd3 Nb5 37. Ne5 f4 38. Bb2 1/2-1/2

[Event "Ruhrgebiet Verbandsliga1 1213"]
[Site "Nordrheinwestfalen"]
[Date "2013.02.03"]
[Round "6.1"]
[White "Ratzmann, Stefan"]
[Black "Schreck, Roland"]
[Result "0-1"]
[WhiteElo "1888"]
[BlackElo "2183"]
[PlyCount "62"]
[EventDate "2012.09.02"]
[EventType "team-tourn"]
[EventRounds "9"]
[EventCountry "GER"]
[SourceTitle "EXT 2020"]
[Source "ChessBase"]
[SourceDate "2019.10.17"]
[SourceVersion "1"]
[SourceVersionDate "2019.10.17"]
[SourceQuality "1"]
[WhiteTeam "Oberhausen SV III"]
[BlackTeam "Bochum-Linden-Dahlhausen"]
[WhiteTeamCountry "GER"]
[BlackTeamCountry "GER"]

1. e4 g6 2. d4 Bg7 3. Nf3 d6 4. Nc3 Nf6 5. Be3 a6 6. Qd2 b5 7. Bd3 Bb7 8. a3 Nbd7 9. b4 Ng4 10. Ne2 0-0 11. Rc1 c5 12. bxc5 dxc5 13. c4 cxd4 14. Bxd4 Nde5 15. Nxe5 Nxe5 16. Bxe5 Bxe5 17. f4 Bb2 18. Rb1 Bxa3 19. cxb5 a5 20. Rb3 Bb4 21. Nc3 Rc8 22. Ke2 Qd4 23. Rc1 Rfd8 24. Qe3 a4 25. Nxa4 Rxc1 26. Qxc1 Bxe4 27. Qc4 Qg1 28. Qxe4 Qe1+ 29. Kf3 Qd1+ 30. Kf2 Qxb3 31. Bc2 Rd2+ 0-1

[Event "Ruhrgebiet Verbandsliga1 1112"]
[Site "Nordrheinwestfalen"]
[Date "2012.03.04"]
[Round "7.1"]
[White "Zatonskih, Vitaly"]
[Black "Schreck, Roland"]
[Result "1/2-1/2"]
[WhiteElo "2261"]
[BlackElo "2167"]
[PlyCount "79"]
[EventDate "2012.09.18"]
[EventType "team-tourn"]
[EventRounds "9"]
[EventCountry "GER"]
[SourceTitle "EXT 2020"]
[Source "ChessBase"]
[SourceDate "2019.10.17"]
[SourceVersion "1"]
[SourceVersionDate "2019.10.17"]
[SourceQuality "1"]
[WhiteTeam "Muelheim Nord III"]
[BlackTeam "Bochum-Linden-Dahlhausen"]
[WhiteTeamCountry "GER"]
[BlackTeamCountry "GER"]

1. e4 e6 2. d4 d5 3. Nd2 Be7 4. Ngf3 Nf6 5. Bd3 c5 6. e5 Nfd7 7. c3 Nc6 8. 0-0 a5 9. a4 Qb6 10. dxc5 Nxc5 11. Bc2 f5 12. exf6 Bxf6 13. Ng5 Ne7 14. Nxh7 Qc7 15. Nf3 e5 16. Nfg5 Bxg5 17. Qh5+ Kd8 18. Bxg5 e4 19. Bxe7+ Kxe7 20. Qg5+ Kd6 21. Rad1 Be6 22. Qg3+ Kc6 23. Qxc7+ Kxc7 24. Ng5 Bg8 25. g3 Rh6 26. c4 dxc4 27. Nxe4 Nxe4 28. Bxe4 Rb6 29. Rd2 Re8 30. f3 Rb4 31. Ra1 Be6 32. h4 Rd8 33. Rc2 Kb6 34. g4 Rd4 35. g5 Bd5 36. Bxd5 Rxd5 37. Rg2 c3 38. bxc3 Rxh4 39. Kf2 Rc4 40. Ra3 1/2-1/2

[Event "Ruhrgebiet Verbandsliga1 1011"]
[Site "Nordrheinwestfalen"]
[Date "2011.02.27"]
[Round "7.1"]
[White "Rosen, Willy"]
[Black "Schreck, Roland"]
[Result "1-0"]
[WhiteElo "2200"]
[BlackElo "2170"]
[PlyCount "91"]
[EventDate "2011.09.12"]
[EventType "team-tourn"]
[EventRounds "9"]
[EventCountry "GER"]
[SourceTitle "EXT 2020"]
[Source "ChessBase"]
[SourceDate "2019.10.17"]
[SourceVersion "1"]
[SourceVersionDate "2019.10.17"]
[SourceQuality "1"]
[WhiteTeam "Katernberg SF III"]
[BlackTeam "Bochum-Linden-Dahlhausen"]
[WhiteTeamCountry "GER"]
[BlackTeamCountry "GER"]

1. e4 e6 2. d4 d5 3. Nc3 Nf6 4. Bg5 dxe4 5. Nxe4 Be7 6. Bxf6 gxf6 7. Nf3 f5 8. Nc3 c5 9. d5 Bf6 10. Qd2 0-0 11. 0-0-0 e5 12. h4 Bg7 13. h5 h6 14. Kb1 a6 15. d6 Be6 16. Nd5 Bxd5 17. Qxd5 Nd7 18. Nh4 Qf6 19. c3 b5 20. Qf3 b4 21. Qxf5 bxc3 22. Qxf6 Nxf6 23. f3 Rfd8 24. bxc3 Bf8 25. Nf5 Ne8 26. Bc4 Nxd6 27. Nxd6 Rxd6 28. Rxd6 Bxd6 29. Kc2 Kf8 30. Rb1 Rb8 31. Rxb8+ Bxb8 32. Bxa6 Ke7 33. Kd3 f5 34. Bc8 Kf6 35. Kc4 Ba7 36. Kd5 Bb6 37. c4 e4 38. fxe4 fxe4 39. Kxe4 Ba5 40. Kd5 Bb4 41. a4 Ke7 42. Kc6 Kd8 43. Bf5 Bd2 44. Kb7 Ba5 45. g4 Bd2 46. g5 1-0

[Event "Ruhrgebiet VL2 0910"]
[Site "Germany"]
[Date "2010.01.31"]
[Round "6.4"]
[White "Masberg, Stefan"]
[Black "Schreck, Roland"]
[Result "0-1"]
[WhiteElo "2099"]
[BlackElo "2147"]
[PlyCount "76"]
[EventDate "2009.09.06"]
[EventType "team-tourn"]
[EventRounds "9"]
[EventCountry "GER"]
[SourceTitle "EXT 2011"]
[Source "ChessBase"]
[SourceDate "2010.11.26"]
[SourceVersion "1"]
[SourceVersionDate "2010.11.26"]
[SourceQuality "1"]
[WhiteTeam "Bottrop"]
[BlackTeam "Linden"]
[WhiteTeamCountry "GER"]
[BlackTeamCountry "GER"]

1. e4 e6 2. d4 d5 3. Nc3 Nf6 4. e5 Nfd7 5. f4 c5 6. Nf3 Nc6 7. Be3 cxd4 8. Nxd4 Bc5 9. Qd2 g5 10. Nxc6 Bxe3 11. Nxd8 Bxd2+ 12. Kxd2 gxf4 13. Bb5 Kxd8 14. Bxd7 Bxd7 15. Ne2 Rg8 16. Nxf4 Rg5 17. Rae1 Rc8 18. g3 Rc4 19. Rhf1 Re4 20. Nd3 Ke7 21. Rf4 Rxf4 22. gxf4 Rh5 23. Re2 Bb5 24. Rf2 f6 25. exf6+ Kxf6 26. Ne5 Rh3 27. Nf3 Be8 28. Ne5 Bh5 29. Nd7+ Kf5 30. Ne5 Ke4 31. a3 Rh4 32. Nd3 b6 33. b3 d4 34. Rf1 Rxh2+ 35. Kc1 Be2 36. Re1 Kf5 37. Kd2 Bf3+ 38. Kc1 Rh1 0-1

[Event "Ruhrgebiet VL1 0708"]
[Site "Germany"]
[Date "2008.03.09"]
[Round "7.1"]
[White "Schreck, Roland"]
[Black "Martin, Andreas"]
[Result "0-1"]
[WhiteElo "2125"]
[BlackElo "2244"]
[PlyCount "66"]
[EventDate "2007.09.02"]
[EventType "team"]
[EventRounds "9"]
[EventCountry "GER"]
[SourceTitle "EXT 2009"]
[Source "ChessBase"]
[SourceDate "2008.11.26"]
[SourceVersion "1"]
[SourceVersionDate "2008.11.26"]
[SourceQuality "1"]
[WhiteTeam "Bochum-Linden"]
[BlackTeam "Heissen Stadtgr"]
[WhiteTeamCountry "GER"]
[BlackTeamCountry "GER"]

1. e4 c5 2. Nc3 Nc6 3. Nf3 d6 4. Bb5 Bd7 5. 0-0 e6 6. Bxc6 Bxc6 7. d4 cxd4 8. Qxd4 Nf6 9. Bg5 Be7 10. Rad1 h6 11. Bh4 0-0 12. Rfe1 e5 13. Qd3 g5 14. Bg3 Qd7 15. Qe2 Qe6 16. Nd5 Nxd5 17. exd5 Bxd5 18. Nd2 Rac8 19. f4 gxf4 20. Bxf4 Qg6 21. c4 Bc6 22. Be3 b6 23. b3 f5 24. Nf3 Kh7 25. Bf4 Rf7 26. Bc1 Rg8 27. Rf1 f4 28. Ne1 Rfg7 29. Rd2 Qf5 30. Qd1 Kh8 31. Nf3 Qh3 32. Rff2 Bf6 33. Rd5 Rxg2+ 0-1

[Event "Ruhrgebiet VL1 0708"]
[Site "Germany"]
[Date "2007.11.18"]
[Round "3.1"]
[White "Burchert, Wolfgang"]
[Black "Schreck, Roland"]
[Result "1-0"]
[WhiteElo "2111"]
[BlackElo "2173"]
[PlyCount "155"]
[EventDate "2007.09.02"]
[EventType "team"]
[EventRounds "9"]
[EventCountry "GER"]
[SourceTitle "EXT 2009"]
[Source "ChessBase"]
[SourceDate "2008.11.26"]
[SourceVersion "1"]
[SourceVersionDate "2008.11.26"]
[SourceQuality "1"]
[WhiteTeam "Dortmund Hansa II"]
[BlackTeam "Bochum-Linden"]
[WhiteTeamCountry "GER"]
[BlackTeamCountry "GER"]

1. e4 g6 2. d4 Bg7 3. Nc3 d5 4. exd5 Nf6 5. Bb5+ Bd7 6. Be2 Bf5 7. Bf3 0-0 8. Nge2 c6 9. dxc6 Nxc6 10. Be3 e5 11. Bxc6 bxc6 12. dxe5 Ng4 13. Bc5 Re8 14. Qxd8 Raxd8 15. f4 Bf8 16. Bxf8 Kxf8 17. h3 Ne3 18. Kf2 Nxc2 19. Rad1 Nb4 20. Ke3 Rxd1 21. Rxd1 f6 22. Nd4 fxe5 23. Nxf5 gxf5 24. fxe5 Rxe5+ 25. Kf4 Re7 26. Rd8+ Kg7 27. Kxf5 Rf7+ 28. Kg5 Nc2 29. g4 Ne1 30. Kh4 h6 31. Re8 Nd3 32. Kg3 Nxb2 33. Ne4 Nc4 34. Rc8 Rd7 35. Rxc6 Ne5 36. Rc3 Rd3+ 37. Rxd3 Nxd3 38. h4 a5 39. a4 Nb2 40. Nc5 Nc4 41. Kf4 Kf6 42. Ke4 Nb6 43. Kd4 Kg6 44. Ke5 Nc4+ 45. Kf4 Kf6 46. Ne4+ Kg7 47. Nc3 Kf6 48. Ne4+ Kg7 49. Nc3 Kf6 50. Ke4 Ke6 51. Kd4 Nb2 52. Kc5 Ke5 53. Kb5 Kf4 54. g5 hxg5 55. h5 Nd3 56. h6 Ne5 57. h7 Nf7 58. Nd5+ Ke5 59. Ne3 Kf4 60. Nf1 Kf3 61. Kxa5 Kf2 62. Nd2 g4 63. Kb4 Ke2 64. Ne4 Ke3 65. a5 Kxe4 66. a6 Kf5 67. a7 Kg6 68. a8Q Kxh7 69. Qe4+ Kg7 70. Qxg4+ Kf6 71. Kc5 Ke7 72. Qg6 Kf8 73. Kd5 Ke7 74. Qg7 Ke8 75. Ke6 Nd8+ 76. Kf6 Nc6 77. Qc7 Ne5 78. Qe7# 1-0

[Event "Ruhrgebiet VK1 0405"]
[Site "Ruhrgebiet"]
[Date "2005.02.20"]
[Round "7.1"]
[White "Ter Steeg, Marcus"]
[Black "Schreck, Roland"]
[Result "1/2-1/2"]
[WhiteElo "1985"]
[BlackElo "2167"]
[PlyCount "63"]
[EventDate "2004.09.12"]
[EventType "team"]
[EventRounds "9"]
[EventCountry "GER"]
[SourceTitle "EXT 2006"]
[Source "ChessBase"]
[SourceDate "2005.11.24"]
[SourceVersion "1"]
[SourceVersionDate "2005.11.24"]
[SourceQuality "1"]
[WhiteTeam "Essen Werden"]
[BlackTeam "Bochum-Linden"]
[WhiteTeamCountry "GER"]
[BlackTeamCountry "GER"]

1. d4 Nf6 2. c4 c5 3. d5 e6 4. Nc3 exd5 5. cxd5 d6 6. Nf3 g6 7. g3 Bg7 8. Bg2 0-0 9. 0-0 a6 10. a4 Re8 11. Nd2 Nbd7 12. Nc4 Nb6 13. Na3 Bd7 14. Re1 Rb8 15. h3 Nxa4 16. Nxa4 b5 17. Nxc5 dxc5 18. e4 b4 19. Nc4 Bb5 20. Qc2 Nxd5 21. Rd1 Bxc4 22. Qxc4 Nb6 23. Qc2 Qc8 24. Bf4 Be5 25. Be3 c4 26. f4 Bg7 27. Rd6 c3 28. b3 Re6 29. Rxe6 fxe6 30. Bf1 Bf8 31. Qf2 Nd7 32. Bc4 1/2-1/2

[Event "Ruhrgebiet VK1 0405"]
[Site "Ruhrgebiet"]
[Date "2004.11.28"]
[Round "4.1"]
[White "Schreck, Roland"]
[Black "Horn, Stefan"]
[Result "1-0"]
[WhiteElo "2167"]
[BlackElo "2020"]
[PlyCount "73"]
[EventDate "2004.09.12"]
[EventType "team"]
[EventRounds "9"]
[EventCountry "GER"]
[SourceTitle "EXT 2006"]
[Source "ChessBase"]
[SourceDate "2005.11.24"]
[SourceVersion "1"]
[SourceVersionDate "2005.11.24"]
[SourceQuality "1"]
[WhiteTeam "Bochum-Linden"]
[BlackTeam "Oberhausen II"]
[WhiteTeamCountry "GER"]
[BlackTeamCountry "GER"]

1. d4 c5 2. d5 e5 3. Nc3 d6 4. e4 Nf6 5. f4 Nbd7 6. Nf3 a6 7. a4 Be7 8. fxe5 Nxe5 9. Nxe5 dxe5 10. Be2 0-0 11. 0-0 b6 12. Be3 Qc7 13. Kh1 Ne8 14. Qe1 Nd6 15. Qg3 f6 16. Bg4 Bxg4 17. Qxg4 Kh8 18. b3 b5 19. axb5 axb5 20. Qe2 c4 21. b4 Rxa1 22. Rxa1 Rb8 23. Bc5 Nc8 24. Qe3 Bd6 25. h3 Qd7 26. Ra6 Bc7 27. Qe1 Bd8 28. Qa1 Qb7 29. Re6 Qd7 30. Qa6 Kg8 31. Qc6 Qxc6 32. Rxc6 Ne7 33. Ra6 Kf7 34. Ra7 Ke8 35. d6 Nc6 36. Rxg7 Nd4 37. d7# 1-0

[Event "Ruhrgebiet VK3 0304"]
[Site "Ruhrgebiet"]
[Date "2004.03.28"]
[Round "8.1"]
[White "Mallee, Ralph"]
[Black "Schreck, Roland"]
[Result "1/2-1/2"]
[WhiteElo "2159"]
[BlackElo "2207"]
[PlyCount "26"]
[EventDate "2003.09.28"]
[EventType "team"]
[EventRounds "9"]
[EventCountry "GER"]
[SourceTitle "EXT 2007"]
[Source "ChessBase"]
[SourceDate "2006.11.23"]
[SourceVersion "1"]
[SourceVersionDate "2006.11.23"]
[SourceQuality "1"]
[WhiteTeam "Dortmund SV"]
[BlackTeam "Linden"]
[WhiteTeamCountry "GER"]
[BlackTeamCountry "GER"]

1. e4 e6 2. d4 d5 3. Nd2 Nf6 4. e5 Nfd7 5. c3 c5 6. Bd3 Nc6 7. Ne2 a5 8. 0-0 a4 9. a3 cxd4 10. cxd4 Nb6 11. Nf3 Bd7 12. Bg5 Qb8 13. Rc1 h6 1/2-1/2